Normal view
MARC view
- El Assiouty, Magdi Nafed
Entry Personal Name
001 - CONTROL NUMBER
- control field: 40330
003 - CONTROL NUMBER IDENTIFIER
- control field: OSt
005 - DATE AND TIME OF LATEST TRANSACTION
- control field: 20160717103946.0
008 - FIXED-LENGTH DATA ELEMENTS
- fixed length control field: 160717|| aca||aabn | a|a d
040 ## - CATALOGING SOURCE
- Original cataloging agency: OSt
100 1# - HEADING--PERSONAL NAME
- Personal name: El Assiouty, Magdi Nafed
400 1# - SEE FROM TRACING--PERSONAL NAME
- Personal name: Assiouty, Magdi Nafed
400 1# - SEE FROM TRACING--PERSONAL NAME
- Personal name: Asyūṭī, Majdī Nāfidh
400 0# - SEE FROM TRACING--PERSONAL NAME
- Personal name: Majdī Nāfid al-Asyūṭī
400 0# - SEE FROM TRACING--PERSONAL NAME
- Personal name: Magdi Nafed El Assiouty
400 1# - SEE FROM TRACING--PERSONAL NAME
- Personal name: أسيوطي، مجدي نافذ
400 1# - SEE FROM TRACING--PERSONAL NAME
- Personal name: اسيوطي ، مجدي نافد